000
00272 a2200109 4500
001
ART_50483
005
20260410161632.0
008
260409a
245
1
0
_a
Readiness
100
1
_a
Levy, Alberto R.
773
0
_t
Enfoques
_g
- N°12 (dic. 2019)
_w
REV416
999
_c
12517
_d
12517